Výkladové sdělení Evropské komise o označování původu zboží z Izraelem okupovaných území: analýza příčin a významu pro preferenční obchodní dohody
Izrael v rámci vonkajších vzťahov Európskej únie. Hlavní obchodní partneri Izraela. Genéza a podstata Európsko-izraelského problému. Snahy o eho riešenie.
Uložené v:
| Hlavný autor: | |
|---|---|
| Ďalší autori: | |
| Médium: | Kapitola |
| Jazyk: | Czech |
| Predmet: | |
| Tagy: |
Žiadne tagy, Buďte prvý, kto otaguje tento záznam!
|
MARC
| LEADER | 00000nla a2200000 4500 | ||
|---|---|---|---|
| 001 | 0231050 | ||
| 005 | 20240417075120.1 | ||
| 041 | 0 | |a cze | |
| 044 | |a CZ | ||
| 245 | 1 | 0 | |a Výkladové sdělení Evropské komise o označování původu zboží z Izraelem okupovaných území: analýza příčin a významu pro preferenční obchodní dohody |c Michal Bokša, Monika Bokšová |
| 520 | |a Izrael v rámci vonkajších vzťahov Európskej únie. Hlavní obchodní partneri Izraela. Genéza a podstata Európsko-izraelského problému. Snahy o eho riešenie. | ||
| 610 | 2 | 0 | |a Izrael |
| 610 | 2 | 0 | |a označovanie tovarov |
| 610 | 2 | 0 | |a pôvod tovaru |
| 610 | 2 | 0 | |a Európa |
| 610 | 2 | 0 | |a integrácia ekonomická medzinárodná |
| 610 | 2 | 0 | |a obchod medzinárodný |
| 610 | 2 | 0 | |a vzťahy medzinárodné |
| 610 | 2 | 0 | |a vzťahy obchodné |
| 100 | 1 | |a Bokša, Michal | |
| 700 | 1 | |a Bokšová, Monika | |